| Tag |
First Indicator |
Second Indicator |
Subfields |
| LEADER |
00000cam a2200000 a 4500 |
| 001 |
in00000086807 |
| 005 |
20151008062756.0 |
| 008 |
771208s1973 nyua b 10100 engm |
| 010 |
|
|
|a 77370822
|
| 020 |
|
|
|c $8.00
|
| 035 |
|
|
|a (OCoLC)03607190
|
| 035 |
|
|
|9 AAK0910AM
|
| 040 |
|
|
|a DLC
|c DLC
|d m.c.
|d TXA
|d UtOrBLW
|
| 043 |
|
|
|a n-us---
|
| 049 |
|
|
|a TXAM
|c [388559]
|
| 050 |
0 |
0 |
|a TD194.6
|b P73
|
| 082 |
0 |
|
|a 333.7/72
|
| 245 |
0 |
0 |
|a Proceedings of the ASCE Urban Transportation Division environmental impact specialty conference, May 21-23, 1973, Chicago, Illinois.
|
| 264 |
|
1 |
|a New York, N.Y. :
|b American Society of Civil Engineers,
|c [1973?]
|
| 300 |
|
|
|a vi, 393 pages :
|b illustrations ;
|c 22 cm.
|
| 336 |
|
|
|a text
|b txt
|2 rdacontent
|
| 337 |
|
|
|a unmediated
|b n
|2 rdamedia
|
| 338 |
|
|
|a volume
|b nc
|2 rdacarrier
|
| 500 |
|
|
|a Cover title: Environmental impact.
|
| 504 |
|
|
|a Includes bibliographical references and indexes.
|
| 650 |
|
0 |
|a Environmental impact analysis
|z United States
|x Congresses.
|
| 650 |
|
0 |
|a Environmental impact statements
|z United States
|x Congresses.
|
| 650 |
|
0 |
|a Roads
|x Environmental aspects
|z United States
|x Congresses.
|
| 650 |
|
0 |
|a Highway planning
|z United States
|x Congresses.
|
| 710 |
2 |
|
|a American Society of Civil Engineers.
|b Urban Transportation Division.
|
| 740 |
0 |
|
|a Environmental impact.
|
| 999 |
|
|
|a MARS
|
| 999 |
f |
f |
|s edc30ff6-ba5e-3b57-a834-e4c7ce472be5
|i 7873f9b6-1446-3939-bbe4-54b3d81b052c
|t 0
|
| 952 |
f |
f |
|p ric
|a Texas A&M University
|b Rellis Campus
|c Joint Library Facility
|d Remote Storage
|t 0
|e TD194.6 P73
|h Library of Congress classification
|i unmediated -- volume
|m A14805981070
|
| 998 |
f |
f |
|a TD194.6 P73
|t 0
|l Remote Storage
|